| 000 | 00911cam a22002651 4500 | ||
|---|---|---|---|
| 999 |
_c127811 _d127811 |
||
| 001 | 1222320 | ||
| 003 | ARRUPE | ||
| 005 | 20180327095131.0 | ||
| 008 | 730220s1961 mau 000 0 eng | ||
| 010 | _a 61003444 | ||
| 040 |
_aDLC _cDLC _dDLC |
||
| 050 | 0 | 0 |
_aPR1874 _b.O9 |
| 082 | 0 | 0 | _a821.1 |
| 100 | 1 |
_aOwen, Charles A. _q(Charles Abraham), _d1914- _eed. _941093 |
|
| 245 | 0 | 0 |
_aDiscussions of the Canterbury tales. _cEdited with an introd. by Charles A. Owen, Jr. |
| 260 |
_aBoston, _bD.C. Heath and Company _c[1961] |
||
| 300 |
_a110 p. _c24 cm. |
||
| 490 | 0 | _aDiscussions of literature | |
| 600 | 1 | 0 |
_aChaucer, Geoffrey, _d-1400. _tCanterbury tales. _941094 |
| 650 | 0 |
_aChristian pilgrims and pilgrimages in literature. _941095 |
|
| 650 | 0 |
_aTales, Medieval _xHistory and criticism. _941096 |
|
| 650 | 0 |
_aStorytelling in literature. _941097 |
|
| 906 |
_a7 _bcbc _corignew _du _eocip _f19 _gy-gencatlg |
||
| 942 |
_2lcc _cMONOGRAPH |
||